Statistics for Click to Translate - Polish

Click here to take the quiz!

General Stats

  • This quiz has been taken 2,733 times
    (1,536 since last reset)
  • The average score is 14 of 20

Answer Stats

HintAnswer% Correct
HospitalSzpital
90%
StationStacja
84%
BrownBrązowy
80%
LeftLewy
79%
BeerPiwo
78%
HundredSto
73%
SmallMały
72%
FridayPiątek
68%
SwimPływać
68%
DogPies
67%
AirportLotnisko
66%
GardenOgród
66%
WindowOkno
66%
BirdPtak
66%
EarUcho
66%
DinnerObiad
65%
FatherOjciec
63%
BicycleRower
60%
BeefWołowina
57%
FebruaryLuty
56%

Score Distribution

Percentile by Number Answered

Percent of People with Each Score

Your Score History

You have not taken this quiz since the last reset